000
00292nam a2200121Ia 4500
008
190216s9999||||xx |||||||||||||| ||und||
100
_a
Vinay Prabhu Sharma
245
0
_a
Bio-Organic Chemistry
260
_b
Pragathi Prakashan
300
_a
140
650
_a
Chemistry-Chemistry
942
_c
BK
999
_c
3367
_d
3367